[Event "Titled Tue 3rd Jan Late"]
[Site "chess.com INT"]
[Date "2025.06.03"]
[Round "2"]
[White "Ponizil, Cyril"]
[Black "Medina Paz, Miguel"]
[Result "1-0"]
[WhiteTitle "IM"]
[BlackTitle "IM"]
[WhiteElo "2450"]
[BlackElo "2368"]
[WhiteFideId "322202"]
[BlackFideId "7300379"]
[EventDate "2025.06.03"]

1. d4 Nf6 2. Nf3 g6 3. c4 Bg7 4. Nc3 O-O 5. Bg5 d6 6. e3 Nbd7 7. Be2 h6 8. Bh4
c6 9. O-O e5 10. Bg3 Nh5 11. dxe5 Nxg3 12. hxg3 Nxe5 13. Nxe5 dxe5 14. Qc2 Bf5
15. Ne4 Qe7 16. g4 Be6 17. c5 Rfd8 18. Rfd1 Rd5 19. b4 Rad8 20. Nd6 Bf8 21. Bf3
Rxd1+ 22. Rxd1 Qg5 23. Nxb7 Bd5 24. Nxd8 e4 25. Bxe4 Qxd8 26. Bxd5 cxd5 27. Qd3 1-0

[Event "Titled Tue 3rd Jan Late"]
[Site "chess.com INT"]
[Date "2025.06.03"]
[Round "2"]
[White "Haug, Havard"]
[Black "Ezat, Mohamed"]
[Result "0-1"]
[WhiteTitle "FM"]
[BlackTitle "IM"]
[WhiteElo "2354"]
[BlackElo "2296"]
[WhiteFideId "1547887"]
[BlackFideId "10600906"]
[EventDate "2025.06.03"]

1. d4 Nf6 2. Bg5 d5 3. e3 Nbd7 4. Nd2 g6 5. c3 Bg7 6. f4 O-O 7. Ngf3 b6 8. Bd3
Bb7 9. h4 Ne4 10. h5 Ng3 11. Rh3 Nxh5 12. g4 Nhf6 13. Bxf6 Nxf6 14. g5 Ne4 15.
Qc2 f5 16. gxf6 exf6 17. Nxe4 dxe4 18. Bxe4 Bxe4 19. Qxe4 Re8 20. Qd3 Qd5 21.
O-O-O Qxa2 22. e4 c5 23. d5 c4 24. Qc2 Rad8 25. Nd4 f5 26. Ne6 Rxe6 0-1

[Event "Titled Tue 3rd Jan Late"]
[Site "chess.com INT"]
[Date "2025.06.03"]
[Round "2"]
[White "Jagirapu, Harshin Reddy"]
[Black "Shehzad, Shazil"]
[Result "0-1"]
[BlackTitle "FM"]
[WhiteElo "2042"]
[BlackElo "2354"]
[WhiteFideId "39910679"]
[BlackFideId "1521942"]
[EventDate "2025.06.03"]

1. e4 c6 2. Nc3 d5 3. Nf3 a6 4. d4 Bg4 5. e5 e6 6. h3 Bxf3 7. Qxf3 c5 8. dxc5
Bxc5 9. Qg3 Ne7 10. Qxg7 Rg8 11. Qxh7 Nbc6 12. Bf4 Qa5 13. O-O-O Bb4 14. Bd2
Bxc3 15. Bxc3 Qxa2 16. b3 Rc8 17. Bd3 d4 18. Bb2 Nb4 19. Qe4 Qxb3 20. Rd2 Na2+ 0-1

[Event "Titled Tue 3rd Jan Late"]
[Site "chess.com INT"]
[Date "2025.06.03"]
[Round "2"]
[White "Stankovic, Boris"]
[Black "Ahmad, Khagan"]
[Result "0-1"]
[WhiteTitle "FM"]
[BlackTitle "IM"]
[WhiteElo "2298"]
[BlackElo "2405"]
[WhiteFideId "985317"]
[BlackFideId "13431552"]
[EventDate "2025.06.03"]

1. e4 c5 2. Nf3 d6 3. d4 cxd4 4. Nxd4 Nf6 5. Nc3 a6 6. Bg5 e6 7. f4 h6 8. Bh4
Nbd7 9. Qf3 e5 10. fxe5 Nxe5 11. Qe2 Be7 12. O-O-O O-O 13. Bxf6 Bxf6 14. Nd5 Be6
15. Nf3 Bxd5 16. Rxd5 Rc8 17. Kb1 Qb6 18. Nd4 Nc4 19. c3 Bxd4 20. Rxd4 Na3+ 21.
Ka1 Qxd4 0-1

[Event "Titled Tue 3rd Jan Late"]
[Site "chess.com INT"]
[Date "2025.06.03"]
[Round "2"]
[White "Bluebaum, Matthias"]
[Black "Raptis, Nick"]
[Result "1-0"]
[WhiteTitle "GM"]
[BlackTitle "FM"]
[WhiteElo "2660"]
[BlackElo "2220"]
[WhiteFideId "24651516"]
[BlackFideId "2016850"]
[EventDate "2025.06.03"]

1. d4 Nf6 2. c4 g6 3. Nc3 Bg7 4. e4 O-O 5. Be2 d6 6. Nf3 e5 7. Be3 exd4 8. Nxd4
Re8 9. f3 c6 10. Qd2 d5 11. exd5 cxd5 12. O-O Nc6 13. Rad1 Nxd4 14. Bxd4 dxc4
15. Bxc4 Be6 16. Bb5 Re7 17. Qf2 Qa5 18. Qh4 Rc7 19. Bxf6 Bxf6 20. Qxf6 Rxc3 21.
Qxc3 Qxb5 22. a3 Rc8 23. Qf6 h5 24. Rd8+ Rxd8 25. Qxd8+ Kg7 26. Qd4+ Kh7 27. Rc1
a6 28. h4 Qb3 29. Rd1 Qc2 30. Rd2 Qc7 31. Qc3 Qb6+ 32. Kh2 Kg8 33. Qf6 Bd7 34.
Qxb6 1-0

[Event "Titled Tue 3rd Jan Late"]
[Site "chess.com INT"]
[Date "2025.06.03"]
[Round "2"]
[White "Kocharin, Timur"]
[Black "Melendez Manuel A."]
[Result "0-1"]
[WhiteTitle "FM"]
[BlackTitle "FM"]
[WhiteElo "2324"]
[BlackElo "2154"]
[WhiteFideId "16240936"]
[BlackFideId "6706800"]
[EventDate "2025.06.03"]

1. e4 e5 2. Bc4 Nc6 3. d3 Nf6 4. Nc3 Bb4 5. Nf3 d5 6. exd5 Nxd5 7. Bd2 Nxc3 8.
bxc3 Bd6 9. O-O O-O 10. Re1 Kh8 11. Ng5 Qe7 12. Qh5 Bf5 13. Nxf7+ Rxf7 14. Bxf7
g6 15. Bxg6 Bxg6 16. Qg5 Qf7 17. Rab1 b6 18. Qg4 Rf8 19. Be3 Ne7 20. Qe2 Nf5 21.
c4 Bh5 22. Qd2 Rg8 23. Kh1 Rxg2 24. Kxg2 Nh4+ 25. Kf1 Qf3 26. Bg5 Qh1# 0-1

[Event "Titled Tue 3rd Jan Late"]
[Site "chess.com INT"]
[Date "2025.06.03"]
[Round "2"]
[White "Mai, Alexander Oliver"]
[Black "Sharankov, Grigory"]
[Result "0-1"]
[BlackTitle "CM"]
[WhiteElo "2171"]
[BlackElo "2238"]
[WhiteFideId "2313391"]
[BlackFideId "4168356"]
[EventDate "2025.06.03"]

1. e4 c6 2. Nf3 d5 3. Nc3 g6 4. d4 Bg7 5. h3 dxe4 6. Nxe4 Nf6 7. Nxf6+ exf6 8.
Bd3 O-O 9. O-O Nd7 10. c3 Re8 11. Re1 Nf8 12. Bd2 Be6 13. b3 Qc7 14. Qc2 Rad8
15. Re2 c5 16. Bb5 Bf5 17. Bd3 Rxe2 18. Bxf5 gxf5 19. Qxf5 cxd4 20. cxd4 Rde8
21. Rd1 Ng6 22. h4 Nxh4 23. Nxh4 Rxd2 24. Rf1 Rxd4 25. Nf3 Rf4 26. Qh3 Rfe4 27.
Qg3 Qxg3 0-1

[Event "Titled Tue 3rd Jan Late"]
[Site "chess.com INT"]
[Date "2025.06.03"]
[Round "2"]
[White "Hiwale, Ronak"]
[Black "Leon Acevedo, Juan Alejandro"]
[Result "1-0"]
[BlackTitle "CM"]
[WhiteElo "2105"]
[BlackElo "2040"]
[WhiteFideId "30975336"]
[BlackFideId "4459261"]
[EventDate "2025.06.03"]

1. Nf3 d5 2. g3 Nf6 3. Bg2 g6 4. O-O Bg7 5. d3 O-O 6. Nc3 c5 7. e4 Nc6 8. Re1 d4
9. Ne2 e5 10. Rf1 Nh5 11. Ne1 f5 12. exf5 gxf5 13. Nxd4 Nxd4 14. Qxh5 f4 15. Be4
Bf5 16. c3 Bxe4 17. dxe4 Ne6 18. Qg4 Qf6 19. Nf3 Rad8 20. Nh4 Kh8 21. Qf5 Qe7
22. Qh5 Rf6 23. Nf5 fxg3 24. hxg3 Rd3 25. Nxe7 1-0

[Event "Titled Tue 3rd Jan Late"]
[Site "chess.com INT"]
[Date "2025.06.03"]
[Round "2"]
[White "Vlassov, Nikolai"]
[Black "Firouzja, Alireza"]
[Result "0-1"]
[WhiteTitle "IM"]
[BlackTitle "GM"]
[WhiteElo "2291"]
[BlackElo "2757"]
[WhiteFideId "4103360"]
[BlackFideId "12573981"]
[EventDate "2025.06.03"]

1. e4 g6 2. d4 Bg7 3. Nc3 a6 4. h4 h5 5. Nf3 b5 6. Be3 Bb7 7. Ng5 Nf6 8. f3 d6
9. Qd2 Nbd7 10. O-O-O e6 11. Kb1 Qe7 12. Be2 Nb6 13. e5 dxe5 14. dxe5 Nfd5 15.
Bxb6 Nxb6 16. f4 O-O 17. Bf3 Nc4 18. Qe2 Qb4 19. b3 Qxc3 20. bxc4 bxc4 21. Bxb7
Rab8 22. Qe4 Qb4+ 23. Ka1 Rxb7 24. Qd4 c5 0-1

[Event "Titled Tue 3rd Jan Late"]
[Site "chess.com INT"]
[Date "2025.06.03"]
[Round "2"]
[White "Asish Panda"]
[Black "Terry, Renato"]
[Result "0-1"]
[BlackTitle "IM"]
[WhiteElo "1911"]
[BlackElo "2508"]
[WhiteFideId "45012458"]
[BlackFideId "3803457"]
[EventDate "2025.06.03"]

1. e4 e6 2. c4 d5 3. cxd5 exd5 4. exd5 Nf6 5. Nc3 Nxd5 6. Nf3 Be7 7. d4 O-O 8.
Bc4 Nb6 9. Bb3 Nc6 10. O-O Bg4 11. Be3 Bf6 12. h3 Bh5 13. Rc1 Re8 14. Re1 Na5
15. g4 Bg6 16. g5 Nxb3 17. Qxb3 Be7 18. h4 Qd7 19. Ne5 Qh3 20. Nxg6 hxg6 21. Bf4
Qxh4 22. Bxc7 Qxg5+ 23. Kf1 Qh4 24. Bxb6 Qh1+ 25. Ke2 Bg5+ 26. Kd3 Rxe1 27. Rxe1
Qxe1 28. Bc5 Qf1+ 29. Kc2 Qxf2+ 30. Kd3 Qf1+ 31. Kc2 Qg2+ 32. Kd3 Re8 0-1

[Event "Titled Tue 3rd Jan Late"]
[Site "chess.com INT"]
[Date "2025.06.03"]
[Round "2"]
[White "Zepeda Berlanga, Jan Enrique"]
[Black "Smieszek, Wojciech"]
[Result "1-0"]
[WhiteTitle "CM"]
[BlackTitle "CM"]
[WhiteElo "1941"]
[BlackElo "2141"]
[WhiteFideId "5132355"]
[BlackFideId "1156047"]
[EventDate "2025.06.03"]

1. e4 c5 2. Nf3 g6 3. d4 cxd4 4. Nxd4 Nc6 5. Nxc6 bxc6 6. Nc3 Bg7 7. Bc4 d6 8.
O-O Nf6 9. e5 dxe5 10. Qxd8+ Kxd8 11. Re1 Nd7 12. Bxf7 Rf8 13. Bb3 Kc7 14. Bg5
Bf6 15. Bh6 Rd8 16. Ne4 Ba6 17. Rad1 Nb6 18. Nc5 Rxd1 19. Rxd1 Bc8 20. a4 a5 21.
Be3 Bf5 22. f3 Rd8 23. Rxd8 Kxd8 24. Nb7+ Kc7 25. Nxa5 Nd5 26. Bf2 e4 27. g4 e3
28. Bg3+ Kb6 29. Nc4+ Kc5 30. gxf5 1-0

[Event "Titled Tue 3rd Jan Late"]
[Site "chess.com INT"]
[Date "2025.06.03"]
[Round "2"]
[White "Mahdavi, Reza"]
[Black "Holinka, Henning"]
[Result "1-0"]
[WhiteTitle "IM"]
[BlackTitle "FM"]
[WhiteElo "2445"]
[BlackElo "2303"]
[WhiteFideId "12595926"]
[BlackFideId "12967084"]
[EventDate "2025.06.03"]

1. e4 c5 2. Nf3 e6 3. c3 Nf6 4. e5 Nd5 5. d4 cxd4 6. cxd4 d6 7. Bc4 Nc6 8. O-O
Nb6 9. Bd3 Be7 10. a3 dxe5 11. dxe5 O-O 12. Nc3 h6 13. Qe2 a6 14. Qe4 f5 15.
exf6 Bxf6 16. Qh7+ Kf7 17. Bxh6 Rh8 18. Qg6+ Kg8 19. Be3 Bd7 20. Rad1 Qc7 21.
Ne4 Be5 22. Nxe5 Qxe5 23. f4 Qc7 24. Nf6+ Kf8 25. Bc5+ 1-0

[Event "Titled Tue 3rd Jan Late"]
[Site "chess.com INT"]
[Date "2025.06.03"]
[Round "2"]
[White "Sarana, Alexey"]
[Black "Caprio, Guido"]
[Result "1-0"]
[WhiteTitle "GM"]
[BlackTitle "IM"]
[WhiteElo "2686"]
[BlackElo "2435"]
[WhiteFideId "24133795"]
[BlackFideId "834580"]
[EventDate "2025.06.03"]

1. e4 d6 2. d4 Nf6 3. Nc3 e6 4. Nf3 Be7 5. Bd3 O-O 6. Qe2 Nc6 7. e5 Nd5 8. h4 h6
9. Bxh6 gxh6 10. Qe4 f5 11. exf6 Rxf6 12. Qh7+ Kf8 13. Qh8+ Kf7 14. Ng5+ hxg5
15. Qh5+ Kf8 16. hxg5 Rh6 17. Qxh6+ Ke8 18. Nxd5 Kd7 19. Nf6+ 1-0

[Event "Titled Tue 3rd Jan Late"]
[Site "chess.com INT"]
[Date "2025.06.03"]
[Round "2"]
[White "Paravyan, David"]
[Black "Horobetz, Graham"]
[Result "1-0"]
[WhiteTitle "GM"]
[WhiteElo "2596"]
[BlackElo "2250"]
[WhiteFideId "4194985"]
[BlackFideId "2047322"]
[EventDate "2025.06.03"]

1. d4 Nf6 2. c4 g6 3. g3 Bg7 4. Bg2 O-O 5. Nc3 d6 6. Nf3 c5 7. O-O Nc6 8. d5 Na5
9. Nd2 e5 10. a3 b6 11. b4 Nb7 12. Bb2 Ng4 13. h3 Nh6 14. e4 f5 15. f4 exf4 16.
Rxf4 Be5 17. Nf3 Bxf4 18. gxf4 fxe4 19. Nxe4 Rxf4 20. Qd2 Qf8 21. Qc3 Rxe4 22.
Qh8+ Kf7 23. Qxh7+ Ke8 24. Qxg6+ Kd8 25. Qxe4 Bf5 26. Qh4+ Kc7 27. Re1 Ng8 28.
Ng5 Re8 29. Ne6+ Bxe6 30. dxe6 Ne7 31. Qe4 d5 32. Be5+ 1-0

[Event "Titled Tue 3rd Jan Late"]
[Site "chess.com INT"]
[Date "2025.06.03"]
[Round "2"]
[White "Munoz Ramos, Christopher"]
[Black "Golizadeh, Asghar"]
[Result "0-1"]
[WhiteTitle "FM"]
[BlackTitle "GM"]
[WhiteElo "2133"]
[BlackElo "2457"]
[WhiteFideId "3439615"]
[BlackFideId "12505269"]
[EventDate "2025.06.03"]

1. d4 Nf6 2. c4 g6 3. Nf3 Bg7 4. Nc3 d5 5. g3 O-O 6. Bg2 dxc4 7. O-O c6 8. a4
Na6 9. e4 Nb4 10. Qe2 Nd3 11. Be3 Rb8 12. b3 Qa5 13. Bd2 Qa6 14. bxc4 Qxc4 15.
Rfb1 Bg4 16. Bf1 Bxf3 17. Qxf3 Qxd4 18. Qxd3 Qxd3 19. Bxd3 Rbd8 20. Rxb7 Rxd3
21. Be1 Nxe4 22. Nxe4 Bxa1 23. Rxe7 Rd1 24. Kf1 f5 25. Ng5 Bc3 26. Nxh7 Bxe1 27.
Nxf8 Bb4+ 28. Ke2 Re1+ 29. Kd3 Rxe7 30. Nxg6 Re6 31. Nf4 Rd6+ 32. Kc4 a5 33. h3
Rd2 34. Nd3 Kf7 35. Ne5+ Ke6 36. f4 Rh2 37. Nxc6 Rxh3 38. Nd4+ Kf6 39. Ne2 Rh2
40. Nd4 Rg2 41. Nc6 Rxg3 42. Nxb4 axb4 43. Kxb4 Rf3 44. a5 Rxf4+ 45. Kb5 Rf1 46.
a6 Rb1+ 47. Kc6 Ra1 48. Kb7 f4 49. a7 f3 50. a8=Q Rxa8 51. Kxa8 f2 52. Kb8 f1=Q
53. Kb7 Qc4 54. Kb6 Ke6 55. Ka5 Qb3 56. Ka6 Qb4 57. Ka7 Qb5 58. Ka8 Kd7 59. Ka7
Kc7 60. Ka8 Qa5# 0-1

[Event "Titled Tue 3rd Jan Late"]
[Site "chess.com INT"]
[Date "2025.06.03"]
[Round "2"]
[White "Ambartsumova, Karina"]
[Black "Pranav, V"]
[Result "0-1"]
[WhiteTitle "IM"]
[BlackTitle "GM"]
[WhiteElo "2403"]
[BlackElo "2621"]
[WhiteFideId "4166299"]
[BlackFideId "25060783"]
[EventDate "2025.06.03"]

1. Nf3 Nf6 2. c4 e6 3. Nc3 Bb4 4. Qc2 O-O 5. a3 Bxc3 6. Qxc3 b6 7. d3 Bb7 8. Bg5
d6 9. e4 Nbd7 10. Be2 h6 11. Bh4 e5 12. O-O Re8 13. b4 Nf8 14. Bg3 Ng6 15. c5
Nh5 16. Rfe1 Nhf4 17. Bf1 h5 18. Bxf4 Nxf4 19. Rac1 dxc5 20. bxc5 Qf6 21. c6 Ba6
22. d4 Bxf1 23. Kxf1 exd4 24. Nxd4 Rad8 25. Nb5 Qg5 0-1

[Event "Titled Tue 3rd Jan Late"]
[Site "chess.com INT"]
[Date "2025.06.03"]
[Round "2"]
[White "Serban, Cristian-Stefan"]
[Black "Lazavik, Denis"]
[Result "0-1"]
[WhiteTitle "FM"]
[BlackTitle "GM"]
[WhiteElo "2332"]
[BlackElo "2577"]
[WhiteFideId "1241443"]
[BlackFideId "13515110"]
[EventDate "2025.06.03"]

1. d4 d5 2. c4 c6 3. Nf3 Nf6 4. e3 Bg4 5. Nc3 e6 6. h3 Bh5 7. Be2 Nbd7 8. O-O
Bd6 9. b3 O-O 10. Bb2 Ne4 11. Nxe4 dxe4 12. Ne5 Bxe2 13. Qxe2 Bxe5 14. dxe5 Qg5
15. Qc2 Nc5 16. Ba3 Qxe5 17. Bxc5 Qxc5 18. Qxe4 Rfd8 19. Rfd1 Rd6 20. Qc2 Rad8
21. a3 g6 22. b4 Qe5 23. Rac1 h5 24. Kf1 Qh2 25. Rxd6 Rxd6 26. Qe4 Qh1+ 0-1

[Event "Titled Tue 3rd Jan Late"]
[Site "chess.com INT"]
[Date "2025.06.03"]
[Round "2"]
[White "Lissillour, Baptiste"]
[Black "Saidov, Bilukhadzh"]
[Result "0-1"]
[WhiteTitle "FM"]
[BlackTitle "FM"]
[WhiteElo "2318"]
[BlackElo "2309"]
[WhiteFideId "45179620"]
[BlackFideId "34165476"]
[EventDate "2025.06.03"]

1. d4 d5 2. c4 e6 3. Nf3 Nf6 4. g3 c5 5. cxd5 exd5 6. Bg2 Nc6 7. O-O cxd4 8.
Nxd4 Be7 9. Nc3 O-O 10. b3 Bg4 11. Bb2 Qd7 12. Rc1 Rac8 13. Re1 Rfe8 14. Qd3 Bh3
15. Bh1 h6 16. Nxc6 bxc6 17. e4 d4 18. Ne2 c5 19. Nf4 Be6 20. e5 Nd5 21. Nxd5
Bxd5 22. Bxd5 Qxd5 23. Qe4 Qe6 24. f4 g6 25. Kg2 Red8 26. Rf1 Rd5 27. Ba3 Rcd8
28. h3 h5 29. Qf3 d3 30. g4 d2 31. Rcd1 Rd3 32. Qe2 Qa6 33. Bb2 Rg3+ 34. Kxg3
Qxe2 0-1

[Event "Titled Tue 3rd Jan Late"]
[Site "chess.com INT"]
[Date "2025.06.03"]
[Round "2"]
[White "De Silva, L M S T"]
[Black "Dilmukhametov, Artur"]
[Result "1-0"]
[WhiteTitle "IM"]
[BlackTitle "FM"]
[WhiteElo "2391"]
[BlackElo "2276"]
[WhiteFideId "9953698"]
[BlackFideId "24179922"]
[EventDate "2025.06.03"]

1. b3 g6 2. Bb2 Nf6 3. g3 Bg7 4. Bg2 Nc6 5. c4 O-O 6. Nf3 d5 7. cxd5 Nxd5 8.
Bxg7 Kxg7 9. O-O e6 10. e4 Nf6 11. e5 Nd5 12. d4 b6 13. Nbd2 Ba6 14. Re1 Ncb4
15. Bf1 Bxf1 16. Kxf1 Rc8 17. Ne4 c5 18. dxc5 bxc5 19. Qd2 c4 20. bxc4 Rxc4 21.
h4 Rc2 22. Qd1 Rxa2 23. Rxa2 Nxa2 24. h5 Nac3 25. h6+ Kg8 26. Qc1 Qb6 27. Nxc3
Qa6+ 28. Kg2 Rc8 29. Nxd5 Rxc1 30. Nf6+ Kf8 31. Nxh7+ Ke7 32. Rxc1 Qb5 33. Nf6
Qb8 34. h7 a5 35. Ng8+ Kf8 36. h8=Q a4 37. Nf6+ 1-0

[Event "Titled Tue 3rd Jan Late"]
[Site "chess.com INT"]
[Date "2025.06.03"]
[Round "2"]
[White "Xiong, Jeffery"]
[Black "Lymar, Vladislav"]
[Result "1-0"]
[WhiteTitle "GM"]
[BlackTitle "CM"]
[WhiteElo "2636"]
[BlackElo "2216"]
[WhiteFideId "2047640"]
[BlackFideId "14162180"]
[EventDate "2025.06.03"]

1. e4 d5 2. exd5 Qxd5 3. Nc3 Qe5+ 4. Nge2 Nf6 5. g3 Bg4 6. Bg2 c6 7. h3 Bf5 8.
O-O e6 9. Re1 Qa5 10. d4 Be7 11. Nf4 h5 12. Qe2 Qd8 13. b3 Nbd7 14. Bb2 Nb6 15.
Rad1 Nbd5 16. Ncxd5 cxd5 17. c4 dxc4 18. d5 O-O 19. dxe6 Qa5 20. Bxf6 Bxf6 21.
Rd5 1-0

[Event "Titled Tue 3rd Jan Late"]
[Site "chess.com INT"]
[Date "2025.06.03"]
[Round "2"]
[White "Vazelakis, Dimitrios"]
[Black "Dambaev, Dashi"]
[Result "0-1"]
[BlackTitle "CM"]
[WhiteElo "1857"]
[BlackElo "2211"]
[WhiteFideId "4203674"]
[BlackFideId "55628494"]
[EventDate "2025.06.03"]

1. c4 Nf6 2. Nc3 c5 3. g3 d5 4. cxd5 Nxd5 5. Bg2 Nc7 6. e3 e5 7. Nge2 Nc6 8. O-O
Be7 9. f4 O-O 10. b3 Bd7 11. Bb2 f6 12. f5 Rb8 13. g4 Nb4 14. d4 cxd4 15. exd4
Bc6 16. Bxc6 Nxc6 17. d5 Nb4 18. Rc1 Nbxd5 19. Nxd5 Nxd5 20. Qd3 Qb6+ 21. Kh1
Rfd8 22. Qf3 Ne3 23. Rf2 Nxg4 24. Rg2 Ne3 25. Rg3 Nd1 26. Qg4 Nf2+ 27. Kg2 Nxg4 0-1

[Event "Titled Tue 3rd Jan Late"]
[Site "chess.com INT"]
[Date "2025.06.03"]
[Round "2"]
[White "Leiva, Gianmarco"]
[Black "Distaso, Antonio Pio"]
[Result "1-0"]
[WhiteTitle "IM"]
[WhiteElo "2387"]
[BlackElo "2253"]
[WhiteFideId "3804399"]
[BlackFideId "805548"]
[EventDate "2025.06.03"]

1. e4 c5 2. Nf3 e6 3. c3 Nf6 4. e5 Nd5 5. Bc4 Nb6 6. Bb3 c4 7. Bc2 d6 8. d4 cxd3
9. Qxd3 Nc6 10. Bf4 Nd5 11. Bg3 dxe5 12. Nxe5 Bd6 13. Nxc6 bxc6 14. Nd2 Nf4 15.
Qf3 Qc7 16. Nc4 g5 17. O-O-O Be7 18. Ne5 Bb7 19. Bxf4 gxf4 20. Qh5 Bf6 21. Rd7
Bxe5 22. Qxf7# 1-0

[Event "Titled Tue 3rd Jan Late"]
[Site "chess.com INT"]
[Date "2025.06.03"]
[Round "2"]
[White "Mika, Tomasz"]
[Black "Loya Ibarra, Rigoberto"]
[Result "1-0"]
[WhiteTitle "CM"]
[WhiteElo "2227"]
[BlackElo "2069"]
[WhiteFideId "1132970"]
[BlackFideId "5110688"]
[EventDate "2025.06.03"]

1. e4 c6 2. d4 d5 3. exd5 cxd5 4. Nf3 Nf6 5. Ne5 Nc6 6. c3 Bf5 7. Bb5 Bd7 8.
Nxd7 Qxd7 9. O-O e6 10. Re1 Bd6 11. Nd2 O-O 12. Nf3 a6 13. Bd3 Rfe8 14. Ne5 Qc7
15. f4 Bxe5 16. fxe5 Nd7 17. Rf1 Nf8 18. Qg4 Qb6 19. Kh1 Kh8 20. Rf3 f5 21. exf6
gxf6 22. Rxf6 Qc7 23. Bh6 e5 24. Raf1 Ng6 25. Bxg6 hxg6 26. Rf7 Qd6 27. Bf8 Rxf8
28. Qh4+ 1-0

[Event "Titled Tue 3rd Jan Late"]
[Site "chess.com INT"]
[Date "2025.06.03"]
[Round "2"]
[White "Borisov, Yuri"]
[Black "Wael Sabry, Mina"]
[Result "0-1"]
[WhiteTitle "FM"]
[BlackTitle "FM"]
[WhiteElo "2285"]
[BlackElo "2094"]
[WhiteFideId "1503928"]
[BlackFideId "10670173"]
[EventDate "2025.06.03"]

1. e4 c5 2. Nc3 e6 3. Bc4 Nf6 4. d3 d5 5. Bb3 Bd6 6. f4 Be7 7. e5 Nfd7 8. Qg4
O-O 9. Nf3 f5 10. Qh3 Nc6 11. Bd2 Rb8 12. g4 fxg4 13. Qxg4 b5 14. Rg1 g6 15.
Nxd5 exd5 16. Qe6+ Kh8 17. Qxc6 c4 18. dxc4 dxc4 19. Bc3 Bb7 20. Qe6 cxb3 21.
axb3 Bxf3 22. Rg3 Bh4 23. Qh3 Bxg3+ 24. hxg3 Rc8 25. g4 Rxc3 26. bxc3 Nxe5 27.
fxe5 Qg5 0-1

[Event "Titled Tue 3rd Jan Late"]
[Site "chess.com INT"]
[Date "2025.06.03"]
[Round "2"]
[White "Aronian, Levon"]
[Black "Wu, Derek"]
[Result "1-0"]
[WhiteTitle "GM"]
[BlackTitle "FM"]
[WhiteElo "2747"]
[BlackElo "2232"]
[WhiteFideId "13300474"]
[BlackFideId "30914558"]
[EventDate "2025.06.03"]

1. c4 e6 2. Nf3 d5 3. e3 Nf6 4. b3 dxc4 5. bxc4 c5 6. Bb2 Nc6 7. Be2 Be7 8. O-O
O-O 9. d3 b6 10. Nc3 Bb7 11. Nd2 Ne5 12. Qc2 Qd7 13. Rad1 Rfd8 14. Nde4 a6 15.
f4 Nc6 16. a3 Na5 17. Rf3 b5 18. Rg3 b4 19. axb4 cxb4 20. Nxf6+ Bxf6 21. Nd5 1-0

[Event "Titled Tue 3rd Jan Late"]
[Site "chess.com INT"]
[Date "2025.06.03"]
[Round "2"]
[White "Petrus, Adrian"]
[Black "Ferey, Antonin"]
[Result "0-1"]
[WhiteTitle "CM"]
[BlackTitle "CM"]
[WhiteElo "2203"]
[BlackElo "2238"]
[WhiteFideId "14573652"]
[BlackFideId "36051454"]
[EventDate "2025.06.03"]

1. e4 g6 2. d4 Bg7 3. Be3 d6 4. Nc3 a6 5. a4 b6 6. h4 h6 7. Qd2 Bb7 8. Bd3 e6 9.
Nge2 Nd7 10. f3 Ne7 11. O-O-O c5 12. g4 Qc7 13. dxc5 dxc5 14. Bf4 e5 15. Bg3
O-O-O 16. Bc4 f5 17. Nd5 Nxd5 18. Bxd5 Nf6 19. c4 fxe4 20. Nc3 exf3 21. g5 Nxd5
22. Nxd5 Bxd5 23. cxd5 hxg5 24. hxg5 Qd7 25. Qd3 Kb7 26. Qxf3 Qxa4 27. d6+ Qc6
28. Qxc6+ Kxc6 29. Rhe1 Rxd6 30. Bxe5 Rxd1+ 31. Kxd1 Rd8+ 32. Kc2 Re8 33. Bg3
Rxe1 34. Bxe1 Kd5 35. Kd3 c4+ 36. Ke3 Bxb2 0-1

[Event "Titled Tue 3rd Jan Late"]
[Site "chess.com INT"]
[Date "2025.06.03"]
[Round "2"]
[White "Khanbutaev, Artemii"]
[Black "Garcia Hernandez, Rebeca"]
[Result "1-0"]
[BlackTitle "WCM"]
[WhiteElo "2059"]
[BlackElo "1903"]
[WhiteFideId "55747175"]
[BlackFideId "5180872"]
[EventDate "2025.06.03"]

1. d4 Nf6 2. c4 g6 3. Nc3 Bg7 4. e4 d6 5. Be2 O-O 6. h4 c5 7. d5 a6 8. a4 e6 9.
h5 exd5 10. h6 Bh8 11. exd5 Bf5 12. g4 Bc8 13. Kf1 Re8 14. Bg5 Qc7 15. f3 Nbd7
16. Kg2 Ne5 17. Nh3 Bd7 18. Nf2 Rab8 19. Qd2 b5 20. axb5 axb5 21. cxb5 c4 22.
Qf4 Qd8 23. Nfe4 Bxb5 24. Nxf6+ Bxf6 25. Bxf6 Qd7 26. Bxe5 1-0

[Event "Titled Tue 3rd Jan Late"]
[Site "chess.com INT"]
[Date "2025.06.03"]
[Round "2"]
[White "Bhatia, Kanishka"]
[Black "Kovacsy, Barnabas"]
[Result "0-1"]
[WhiteTitle "WCM"]
[BlackTitle "FM"]
[WhiteElo "1979"]
[BlackElo "2252"]
[WhiteFideId "2410095"]
[BlackFideId "769290"]
[EventDate "2025.06.03"]

1. e4 c5 2. Nf3 e6 3. d3 Nc6 4. Nbd2 g6 5. g3 Bg7 6. Bg2 Nge7 7. O-O O-O 8. c3
d5 9. Qe2 Rb8 10. a4 a6 11. e5 d4 12. Re1 b5 13. axb5 axb5 14. Ne4 Qb6 15. Nf6+
Kh8 16. Bg5 h6 17. Qd2 hxg5 18. Qxg5 Nf5 19. g4 Bh6 20. gxf5 Bxg5 21. fxg6 Bxf6
22. exf6 fxg6 23. Re4 Rxf6 24. Rh4+ Kg7 25. Ng5 Rf5 26. Rh7+ Kg8 27. h4 Rxg5 28.
hxg5 Kxh7 29. Re1 Kg7 0-1